| 000 | 01048 a2200229 4500 | ||
|---|---|---|---|
| 003 | Nust | ||
| 005 | 20220803122624.0 | ||
| 010 | _a 93033040 | ||
| 020 | _a0201534770 (package) | ||
| 020 | _a0201826895 (bk.) | ||
| 020 | _a0201942526 (disk) | ||
| 040 | _cNust | ||
| 082 | 0 | 0 | _a621.302855369,RID |
| 100 | 1 |
_aRiddle, Alfred. _996409 |
|
| 245 | 1 | 0 |
_aApplied Electronic Engineering with Mathematica / _cAlfred Riddle, Samuel Dick. |
| 260 |
_aReading, Mass. : _bAddison-Wesley, _cc1995. |
||
| 300 |
_axv, 375 p. : _bill. ; _c24 cm.+ _e1 computer disk (3 1/2 in.) |
||
| 505 | _aGroundwork (Page-1), DC Circuits (Page-21), Introduction (Page-61), Small-Signal Circuits II: Multiport Analysis (Page-99), Component Design and Sensitivity Analysis (Page-133), Time Series and Spectral Analysis (Page-153), s-Domain (Laspace) Analysis (Page-171), Filter Design (Page-189), High-Frequency Circuits and Analysis (Page-245), Noise Analysis (Page-285). | ||
| 650 | 0 | _aTelecommunication Engineering. | |
| 700 | 1 |
_aDick, Samuel. _996410 |
|
| 942 |
_cREF _2ddc |
||
| 999 |
_c175549 _d175549 |
||